Белоруссия на «Евровидении» - Statistics

General Stats
  • This quiz has been taken 30 times
  • The average score is 8 of 18
Answer Stats
Год Исполнитель Песня % Correct
2007 Дмитрий Колдун «Work Your Magic»
79%
2018 ALEKSEEV «Forever»
64%
2016 IVAN «Help You Fly»
61%
2014 TEO «Cheesecake»
57%
2019 Зена «Like It»
54%
2017 NaviBand «Гісторыя майго жыцця»
50%
2013 Алёна Ланская «Solayoh»
46%
2020 VAL «Да відна»
46%
2012 «Litesound» «We Are the Heroes»
43%
2008 Руслан Алехно «Hasta La Vista»
39%
2010 «3+2» и Роберт Уэллс «Butterflies»
39%
2005 Анжелика Агурбаш «Love Me Tonight»
36%
2009 Пётр Елфимов «Eyes That Never Lie»
36%
2011 Анастасия Винникова «I Love Belarus»
36%
2006 Полина Смолова «Mum»
29%
2021 Галасы ЗМеста «Я научу тебя»
29%
2004 Александра и Константин «My Galileo»
25%
2015 Uzari & Maimuna «Time»
25%
No matching quizzes found
Score Distribution
Percent of People with Each Score
Percentile by Number Answered
Your Score History
You have not taken this quiz